header

MCTS (Record no. 35652)

MARC details
000 -LEADER
fixed length control field 01294nam a2200325Ia 4500
082 04 - DEWEY DECIMAL CLASSIFICATION NUMBER
Classification number 005.4/476
100 1# - MAIN ENTRY--AUTHOR NAME
Personal name Stidley, Joel,
245 10 - TITLE STATEMENT
Title MCTS
250 ## - EDITION STATEMENT
Edition statement 1st ed.
260 ## - PUBLICATION, DISTRIBUTION, ETC. (IMPRINT)
Place of publication Indianapolis, Ind. :
Name of publisher Wiley Pub.,
Year of publication 2008.
300 ## - PHYSICAL DESCRIPTION
Number of Pages xliv, 552 p. :
Other physical details ill.
500 ## - GENERAL NOTE
General note Includes index.
650 #0 - SUBJECT ADDED ENTRY--TOPICAL TERM
Topical Term Electronic data processing personnel
Topical Term Microsoft software
856 40 - ELECTRONIC LOCATION AND ACCESS
Uniform Resource Identifier http://site.ebrary.com/lib/rucke/Doc?id=10250319

No items available.

© 2026 Rongo University
Contact us: librarian | system librarian | Rongo university